[Event "Vladimir op-A"]
[Site "Vladimir"]
[Date "2008.08.19"]
[Round "7"]
[White "Molchanova, Tatjana"]
[Black "Bykov, Alexey"]
[Result "0-1"]
[WhiteElo "2349"]
[BlackElo "2272"]
[PlyCount "80"]
[EventDate "2008.08.12"]
[EventType "swiss"]
[EventRounds "10"]
[EventCountry "RUS"]
[SourceTitle "CBM 126 Extra"]
[Source "ChessBase"]
[SourceDate "2008.11.05"]
[SourceVersion "1"]
[SourceVersionDate "2008.11.05"]
[SourceQuality "1"]

1. e4 e5 2. Nf3 Nc6 3. d4 exd4 4. Nxd4 Bc5 5. Be3 Qf6 6. c3 Nge7 7. g3 d5 8. Bg2 dxe4 9. 0-0 Bxd4 10. cxd4 Bf5 11. Nc3 0-0-0 12. Qa4 Qe6 13. Rfc1 Nd5 14. Nb5 a6 15. Rxc6 axb5 16. Qa8+ Kd7 17. Rxe6 Rxa8 18. Re5 Be6 19. Bxe4 c6 20. Bf5 Bxf5 21. Rxf5 f6 22. Bd2 Ra4 23. Be3 Rha8 24. a3 b4 25. Rb1 bxa3 26. bxa3 b5 27. g4 Ne7 28. Rh5 h6 29. h4 Rxa3 30. g5 Ra1 31. Rxa1 Rxa1+ 32. Kg2 b4 33. gxh6 gxh6 34. d5 Nxd5 35. Rxh6 Nxe3+ 36. fxe3 b3 37. Rh7+ Kc8 38. Rh8+ Kb7 39. Rh7+ Ka6 40. Rh8 b2 0-1

[Event "Vladimir op-A"]
[Site "Vladimir"]
[Date "2008.08.18"]
[Round "6"]
[White "Bykov, Alexey"]
[Black "Mikheev, Stanislav Valerievi"]
[Result "1-0"]
[WhiteElo "2272"]
[BlackElo "2244"]
[PlyCount "55"]
[EventDate "2008.08.12"]
[EventType "swiss"]
[EventRounds "10"]
[EventCountry "RUS"]
[SourceTitle "CBM 126 Extra"]
[Source "ChessBase"]
[SourceDate "2008.11.05"]
[SourceVersion "1"]
[SourceVersionDate "2008.11.05"]
[SourceQuality "1"]

1. d4 Nf6 2. c4 g6 3. Nc3 d5 4. cxd5 Nxd5 5. e4 Nxc3 6. bxc3 Bg7 7. Bc4 c5 8. Ne2 Nc6 9. Be3 0-0 10. 0-0 Na5 11. Bd3 cxd4 12. cxd4 b6 13. Rc1 e6 14. Qd2 Bb7 15. h4 Nc6 16. Bb5 Na5 17. f3 f5 18. e5 a6 19. Bg5 Qb8 20. Bd7 Bd5 21. Nf4 Ra7 22. Bxe6+ Bxe6 23. Nxe6 Re8 24. Nxg7 Rxg7 25. Bf6 Rc7 26. h5 Nc4 27. Qh6 gxh5 28. Rxc4 1-0

[Event "Vladimir op-A"]
[Site "Vladimir"]
[Date "2008.08.14"]
[Round "3"]
[White "Skomorokhin, Roman"]
[Black "Bykov, Alexey"]
[Result "1-0"]
[WhiteElo "2378"]
[BlackElo "2272"]
[PlyCount "61"]
[EventDate "2008.08.12"]
[EventType "swiss"]
[EventRounds "10"]
[EventCountry "RUS"]
[SourceTitle "CBM 126 Extra"]
[Source "ChessBase"]
[SourceDate "2008.11.05"]
[SourceVersion "1"]
[SourceVersionDate "2008.11.05"]
[SourceQuality "1"]

1. d4 d5 2. c4 e6 3. Nc3 Be7 4. cxd5 exd5 5. Bf4 c6 6. e3 Bf5 7. g4 Be6 8. h3 Nd7 9. Bd3 g5 10. Bh2 h5 11. f3 Ngf6 12. Qc2 c5 13. 0-0-0 Rc8 14. Kb1 a6 15. Bf5 Nb6 16. Bxe6 fxe6 17. Qg6+ Kf8 18. Nge2 Rg8 19. Qd3 Nc4 20. Ka1 Qb6 21. b3 Na3 22. Na4 Qb4 23. dxc5 Nd7 24. Nd4 Bf6 25. Bd6+ Kf7 26. Qd2 b5 27. Qxb4 Nc2+ 28. Kb1 Nxb4 29. Nb6 Nxb6 30. cxb6 Nc6 31. b7 1-0